MARC

LEADER 00000nam0a2200000 4500
001 267149
005 20231101234047.0
020 |a RU  |b 89-6537ж 
035 |a (RuTPU)RU\TPU\book\290185 
035 |a RU\TPU\book\121683 
090 |a 267149 
100 |a 20070329d1986 k y0rusy5003 ca 
101 0 |a rus 
102 |a RU 
105 |a a z 001zy 
200 1 |a Реактивы и особо чистые вещества  |e научные труды  |f Всесоюзный научно-исследовательский институт химических реактивов и особо чистых химических веществ (ИРЕА) ; гл. ред. Е. А. Рябенко 
210 |a Москва  |c Изд-во ИРЕА  |d 1986 
215 |a 216 с.  |c ил. 
225 1 |a Труды ИРЕА  |v Вып. 48 
320 |a Библиография в конце статей 
606 1 |a Химические вещества, особо чистые  |2 stltpush  |3 (RuTPU)RU\TPU\subj\70571  |9 84790 
606 1 |a Химические реактивы  |2 stltpush  |3 (RuTPU)RU\TPU\subj\73363  |9 86395 
610 1 |a научные статьи 
610 1 |a органические реактивы 
610 1 |a физико-химические исследования 
610 1 |a химический анализ 
610 1 |a процессы 
610 1 |a аппараты 
610 1 |a приборы 
610 1 |a автоматика 
610 1 |a стандартизация 
610 1 |a технико-экономические исследования 
675 |a 54-4  |v 3 
675 |a 543-4  |v 3 
702 1 |a Рябенко  |b Е. А.  |4 651 
712 0 2 |a Всесоюзный научно-исследовательский институт химических реактивов и особо чистых химических веществ (ИРЕА)  |2 stltpush  |3 (RuTPU)RU\TPU\col\13967 
801 0 |a RU  |b RuMRKP  |c 19950704  |g psbo 
801 1 |a RU  |b 63413507  |c 20140722 
801 2 |a RU  |b 63413507  |c 20150908  |g RCR 
942 |c BK